| 000 | 00331nam a22001337a 4500 | ||
|---|---|---|---|
| 003 | SGT | ||
| 082 |
_a610.7368 _bP20K |
||
| 100 | _aKAUR, NIRDEEP | ||
| 245 | _aA PRE-EXPERIMENTAL STUDY TO ASSESS THE EFFECTIVNESS.. | ||
| 260 |
_aSGT UNIVERSITY _bSGT UNIVWERSITY _c2020 |
||
| 300 | _a61 | ||
| 650 | _aNURSING THESIS | ||
| 942 |
_2ddc _cTH |
||
| 999 |
_c21651 _d21651 |
||